Eastern Utah Libraries Catalog: Duchesne, Heber, Roosevelt, & Vernal

Maggie and Pie and the perfect picnic / (Record no. 375855)

MARC details
000 -LEADER
fixed length control field 03188nam a2200649 i 4500
001 - CONTROL NUMBER
control field 3295199
005 - DATE AND TIME OF LATEST TRANSACTION
control field 20220728171945.0
008 - FIXED-LENGTH DATA ELEMENTS--GENERAL INFORMATION
fixed length control field 220706s2022 ohua a 000 1 eng d
010 ## - LIBRARY OF CONGRESS CONTROL NUMBER
LC control number 2021950409
020 ## - INTERNATIONAL STANDARD BOOK NUMBER
International Standard Book Number 9781644726983 :
Terms of availability $16.99
020 ## - INTERNATIONAL STANDARD BOOK NUMBER
International Standard Book Number 164472698X :
Terms of availability $16.99
020 ## - INTERNATIONAL STANDARD BOOK NUMBER
International Standard Book Number 9781644726976
020 ## - INTERNATIONAL STANDARD BOOK NUMBER
Cancelled/invalid ISBN 9781644726990
035 ## - SYSTEM CONTROL NUMBER
System control number (OCoLC)1308880799
035 ## - SYSTEM CONTROL NUMBER
System control number (OCoLC)on1308880799
035 ## - SYSTEM CONTROL NUMBER
System control number 3252702
040 ## - CATALOGING SOURCE
Original cataloging agency PABRO
Language of cataloging eng
Description conventions rda
Transcribing agency PABRO
050 #4 - LIBRARY OF CONGRESS CALL NUMBER
Classification number PZ7.1.S33672
Item number Mag 2022
082 04 - DEWEY DECIMAL CLASSIFICATION NUMBER
Classification number [E]
Edition number 23
092 ## - LOCALLY ASSIGNED DEWEY CALL NUMBER (OCLC)
Classification number Children Leveled
Item number Scoppettone, Carolyn Cory
999 ## - SYSTEM CONTROL NUMBERS (KOHA)
Koha Dewey Subclass [OBSOLETE] E
100 1# - MAIN ENTRY--PERSONAL NAME
Personal name Scoppettone, Carolyn Cory,
Relator term author.
9 (RLIN) 6452430
245 10 - TITLE STATEMENT
Title Maggie and Pie and the perfect picnic /
Statement of responsibility, etc by Carolyn Cory Scoppettone ; art by Paula J. Becker.
250 ## - EDITION STATEMENT
Edition statement First edition.
264 #1 - Production, Publication, Distribution, Manufacture, and Copyright Notice.
Place of production, publication, distribution, manufacture Honesdale, Pennsylvania :
Name of producer, publisher, distributor, manufacturer Highlights Press,
Date of production, publication, distribution, manufacture, or copyr [2022]
300 ## - PHYSICAL DESCRIPTION
Extent 32 pages :
Other physical details color illustrations ;
Dimensions 24 cm.
336 ## - Content Type
Content type term text
337 ## - Media type
Media type term unmediated
338 ## - Carrier type
Carrier type term volume
490 1# - SERIES STATEMENT
Series statement Highlights puzzle readers. Level 1, Let's explore reading
520 ## - SUMMARY, ETC.
Summary, etc Highlights Puzzle Readers offer an innovative approach to learning that integrates puzzles and stories to develop motivated, confident readers. These Level 1 books are perfect for kids who are reading simple sight words and sounding out decodable text. Maggie and Pie are bird buddies that love to cook but sometimes Maggie gets a little mixed up! As they make fruit salad, in this Level 1 Highlights Puzzle Reader, kids can use clues in the story to find the supplies they need in simple visual puzzles that double as picture support for the text. With a bonus recipe, Maggie and Pie and the Perfect Picnic will appeal to junior chefs who are just discovering reading. 
521 1# - TARGET AUDIENCE NOTE
Target audience note 3-6
Source Brodart.
521 2# - TARGET AUDIENCE NOTE
Target audience note P-1
Source Brodart.
650 #0 - SUBJECT ADDED ENTRY--TOPICAL TERM
Topical term or geographic name as entry element Birds
Form subdivision Juvenile fiction.
9 (RLIN) 5690366
650 #1 - SUBJECT ADDED ENTRY--TOPICAL TERM
Topical term or geographic name as entry element Birds
Form subdivision Fiction.
9 (RLIN) 5685945
650 #0 - SUBJECT ADDED ENTRY--TOPICAL TERM
Topical term or geographic name as entry element Cooking
Form subdivision Juvenile fiction.
9 (RLIN) 5693317
650 #1 - SUBJECT ADDED ENTRY--TOPICAL TERM
Topical term or geographic name as entry element Cooking
Form subdivision Fiction.
9 (RLIN) 5686524
650 #0 - SUBJECT ADDED ENTRY--TOPICAL TERM
Topical term or geographic name as entry element Picnics
Form subdivision Juvenile fiction.
9 (RLIN) 5724508
650 #1 - SUBJECT ADDED ENTRY--TOPICAL TERM
Topical term or geographic name as entry element Picnics
Form subdivision Fiction.
9 (RLIN) 5724510
650 #0 - SUBJECT ADDED ENTRY--TOPICAL TERM
Topical term or geographic name as entry element Humorous stories.
650 #1 - SUBJECT ADDED ENTRY--TOPICAL TERM
Topical term or geographic name as entry element Humorous stories.
650 #7 - SUBJECT ADDED ENTRY--TOPICAL TERM
Topical term or geographic name as entry element JUVENILE FICTION / Reader - Beginner.
Source of heading or term bisacsh
9 (RLIN) 5719433
650 #7 - SUBJECT ADDED ENTRY--TOPICAL TERM
Topical term or geographic name as entry element JUVENILE FICTION / Animals.
Source of heading or term bisacsh
9 (RLIN) 5719632
650 #7 - SUBJECT ADDED ENTRY--TOPICAL TERM
Topical term or geographic name as entry element JUVENILE FICTION / Humorous Stories.
Source of heading or term bisacsh
9 (RLIN) 5685987
700 1# - ADDED ENTRY--PERSONAL NAME
Personal name Becker, Paula,
Relator term illustrator.
9 (RLIN) 6452433
830 #0 - SERIES ADDED ENTRY--UNIFORM TITLE
Uniform title Highlights puzzle readers.
Number of part/section of a work Level 1,
Name of part/section of a work Let's explore reading.
9 (RLIN) 6452432
910 ## - USER-OPTION DATA (OCLC)
User-option data BRO
942 ## - ADDED ENTRY ELEMENTS (KOHA)
Source of classification or shelving scheme Dewey Decimal Classification
Koha item type BOOK
Holdings
Withdrawn status Lost status Source of classification or shelving scheme Damaged status Not for loan Collection code Home library Current library Shelving location Date acquired Source of acquisition Total Checkouts Total Renewals Full call number Barcode Date last seen Date checked out Cost, replacement price Price effective from Koha item type
    Dewey Decimal Classification     Children NonFiction Wasatch County Library Wasatch County Library Main Floor Childrens Area 08/16/2023 Penworthy 5 2 E Math Puzzles Scoppettone 34301002036293 02/23/2026 01/30/2026 16.96 08/16/2023 BOOK
This project was made possible through a grant from the Institute of Museum and Library Service administered by the Utah State Library Division.

Wasatch County Library

  • 465 East 1200 South, Heber City, Utah 84032
  • Phone 435-654-1511 | Fax 435-654-6456

Hours

  • Monday - Friday 9:30 AM - 8:00 PM
  • Saturday 9:30 AM - 1:30 PM
  • Closed Sundays and Holidays